| 000 | 00706nam a2200205Ia 4500 | ||
|---|---|---|---|
| 005 | 20260121110300.0 | ||
| 008 | 008 260114s9999 xx 000 0 hin d | ||
| 020 | _a9788132351733 | ||
| 037 | _aEBOOK | ||
| 040 |
_aCRL _bhin _cCRL |
||
| 041 |
_ahin _2hin |
||
| 084 | _qCRL | ||
| 100 |
_aआशुतोष झा / Ashutosh Jha _9944272 |
||
| 245 | 0 | _aप्रसिद्ध शास्त्रीय नृत्य एवं कलाकार / Prasiddh Shastriya Nritya aur Kalakaar | |
| 260 |
_bभाषा प्रकाशन / Bhasha Prakashan _c2020 |
||
| 856 | _uhttps://bhashaprakashan.com/product-details/378513 | ||
| 942 | _cEBOOK | ||
| 999 |
_c1535936 _d1535936 |
||